Представление документа в формате RUSMARC

ПолеНазваниеЗначение
  Тип записи a
  Библиографический уровень m
001 Контрольный номер RU/IS/BASE/166022848
005 Дата корректировки 20241022124043.5
010 Индекс ISBN __
a ISBN 5-244-00906-0
d Цена 67-00
200 Заглавие и сведения об ответственности 1_
a Заглавие Философия искусства
210 Выходные данные __
a Место издания М.
c Издательство Мысль
d Дата издания 1999
215 Физическое описание __
a Объем 607, [1] с.
225 Серия (Журнальная рубрика) __
a Серия (Журнальная рубрика) Классическая философская мысль
318 Примечание о действии __
a Действие п
320 Библиография __
a Библиография Указ. : с. 593-603
600 Персоналии __
a Персоналии (Фамилия) Эсхил; Софокл; Эврипид
606 Тематические рубрики __
a Основная рубрика Философия
608 Указатель предметных рубрик __
a Жанр/форма научное издание
610 Ключевые слова __
a Ключевые слова жанры
a Ключевые слова философия искусства; трагедия; комедия
686 Индексы других классификаций __
a Индекс ББК 87.3(4Гем)
700 Автор _1
a Фамилия Шеллинг
b Имя Ф. В.
801 Источник записи _0
a Страна RU
b Организация ЦРБ, Сургут
g Правила каталогизации ОКиО/Сычева
801 Источник записи _1
a Страна RU
b Организация ЦРБ, Сургут
g Правила каталогизации ОКиО/Сычева
852 Данные о местонахождении __
j Шифр хранения 87.3(4)
i Авторский знак Ш 443
p Инвентарный номер 87753
b Сигла хранения ООЧ; 8; 18
901 Тип документа __
t Тип документа m
990 Данные о заказе (DOS) __
j Количество экземпляров (DOS) 5
h N записи в КСУ для Б/У (DOS) 2005-4